Lektury szkolne dla szkół ponadpodstawowych 2024/2025 - Statistics

General Stats
  • This quiz has been taken 13 times
  • The average score is 20 of 37
Answer Stats
Answer % Correct
Lalka
100%
Potop
100%
Kordian
89%
Biblia
78%
Chłopi
78%
Makbet
78%
Mitologia
78%
Wesele
78%
Zbrodnia i kara
78%
Dżuma
67%
Przedwiośnie
67%
Sklepy cynamonowe
67%
Antygona
56%
Boska Komedia
56%
Dziady cz. III
56%
Inny świat
56%
Mistrz i Małgorzata
56%
Odyseja
56%
Skąpiec
56%
Treny
56%
Górą „Edek”
44%
Hamlet
44%
Iliada
44%
Miejsce
44%
Proces
44%
Rok 1984
44%
Rozmowa Mistrza Polikarpa ze Śmiercią
44%
Tango
44%
Zdążyć przed Panem Bogiem
44%
Ferdydurke
33%
Profesor Andrews w Warszawie
33%
Proszę państwa do gazu
33%
Lament świętokrzyski
22%
Pieśń o Rolandzie
22%
Podróże z Herodotem
22%
Szewcy
22%
Mała Apokalipsa
11%
No matching quizzes found
Score Distribution
Percent of People with Each Score
Percentile by Number Answered
Your Score History
You have not taken this quiz